| 000 | 00359nam a2200133Ia 4500 | ||
|---|---|---|---|
| 008 | 210430s9999 xx 000 0 und d | ||
| 020 | _a978-0713120448 | ||
| 082 | _a669 C8431A | ||
| 100 |
_aCottrell A.H. _954826 |
||
| 245 | 3 |
_aAn Introduction To Metallurgy / _cCottrell A.H. |
|
| 260 |
_aLondon _c1971 _bEdward Arnold |
||
| 300 | _a548p. | ||
| 942 |
_cBK _2ddc |
||
| 999 |
_c565590 _d565590 |
||